| 000 | 00483nam a2200121Ia 4500 | ||
|---|---|---|---|
| 008 | 160712s9999 xx 000 0 und d | ||
| 100 | _aEspino, Maria Pythias B. | ||
| 245 |
_cMaria Pythias B. Espino, _aDetermination of Monochloroacetic Acid in Swimming Pool Water by Ion Chromatography-Conductivity Detection |
||
| 260 |
_c2013 _bScience Diliman |
||
| 300 | _avol. 25 no. 2 | ||
| 650 | _xSCIENCE | ||
| 856 | _uhttp://journals.upd.edu.ph/index.php/sciencediliman/issue/view/409/showToc | ||
| 999 |
_c297347 _d297347 |
||